000 00658nam a22001937a 4500
999 _c189306
_d189306
005 20220623112424.0
010 _aENG-133339
020 _a9789386771827
_c275.00
035 _aEN-116871
037 _bDBAD/PUB
082 _a921
100 _aSarma, Gadiyaram Ramakrishna
245 _aHundred-Petalled Lotus/
_cGadiyaram Ramakrishna Sarma : Translated By M.V Chalapathi Rao
260 _aNew Delhi
_bSahitya Akademi
_c2017
270 _aRabindra Bhavan, 35, Ferozeshah Road
_bNew Delhi
_e110001
_mwww.sahitya-akademi.gov.in
300 _axxiv,351p.
_c22cm(pbk)
_bAppendix
700 _aRao,M.V Chalapathi
942 _2ddc
_cEN
_h921
_mSAR